HTML5 and CSS3 : (Record no. 9753)

MARC details
000 -LEADER
fixed length control field 00475cam a2200181ua 4500
008 - FIXED-LENGTH DATA ELEMENTS--GENERAL INFORMATION
fixed length control field 190403n ii |||gr||||Z||||||eng
020 ## - INTERNATIONAL STANDARD BOOK NUMBER
International Standard Book Number 9788183334419
040 ## - CATALOGING SOURCE
Transcribing agency MAIN
082 ## - DEWEY DECIMAL CLASSIFICATION NUMBER
Classification number 005
100 ## - MAIN ENTRY--PERSONAL NAME
Personal name Ivan Bayross,
Relator term
245 ## - TITLE STATEMENT
Title HTML5 and CSS3 :
Remainder of title made simple /
Statement of responsibility, etc. by Ivan Bayross .
250 ## - EDITION STATEMENT
Edition statement 1st rep.
260 ## - PUBLICATION, DISTRIBUTION, ETC.
Place of publication, distribution, etc. New Delhi:
Name of publisher, distributor, etc. BPB publications,
Date of publication, distribution, etc. 2016.
300 ## - PHYSICAL DESCRIPTION
Extent 301p.
942 ## - ADDED ENTRY ELEMENTS (KOHA)
Koha item type Books
653 ## - INDEX TERM--UNCONTROLLED
Uncontrolled term Computer programming, programs & data
Holdings
Withdrawn status Lost status Damaged status Not for loan Home library Current library Shelving location Date acquired Total Checkouts Full call number Barcode Date last seen Date last checked out Copy number Price effective from Koha item type
        Central Library, Naharkatiya College Central Library, Naharkatiya College General Stacks 19/09/2020 8 005HTML5 and CSS3 | BAY 24717 05/03/2026 26/02/2026 1 19/09/2020 Books
        Central Library, Naharkatiya College Central Library, Naharkatiya College General Stacks 19/09/2020 1 005HTML5 and CSS3 | BAY 24718 30/07/2021 30/07/2021 2 19/09/2020 Books
        Central Library, Naharkatiya College Central Library, Naharkatiya College General Stacks 19/09/2020 4 005HTML5 and CSS3 | BAY 24719 25/02/2023 25/02/2023 3 19/09/2020 Books

Naharkatiya College © 2020. All rights reserved.

Powered By